Statistics for Countries of the World with an Empty Map 30 Second Sprint

Click here to take the quiz!

General Stats

  • This quiz has been taken 43 times
  • The average score is 17 of 196

Answers on the Map

Answers color-coded by a green-red scale on the quiz's map according to % correct below.
Loading ...
 

Answer Stats

Country% Correct
United States
84%
United Kingdom
75%
France
63%
Canada
59%
China
59%
Russia
56%
Mexico
50%
Ireland
47%
India
44%
Germany
41%
Japan
41%
Spain
41%
Brazil
38%
United Arab Emirates
38%
Australia
34%
Italy
34%
Denmark
31%
Iceland
31%
Sweden
31%
Austria
28%
Cuba
22%
Argentina
19%
Egypt
19%
Finland
19%
Greece
19%
Mongolia
19%
Peru
19%
Portugal
19%
Ukraine
19%
Chile
16%
Poland
16%
Andorra
13%
Chad
13%
Dem. Rep. of the Congo
13%
Estonia
13%
Jamaica
13%
Nepal
13%
Niger
13%
Norway
13%
Panama
13%
Papua New Guinea
13%
Sudan
13%
Turkey
13%
Albania
9%
Algeria
9%
Angola
9%
Belarus
9%
Benin
9%
Bosnia and Herzegovina
9%
Central African Republic
9%
Czech Republic
9%
Haiti
9%
Hungary
9%
Mali
9%
Nigeria
9%
Oman
9%
Qatar
9%
Republic of the Congo
9%
South Korea
9%
Yemen
9%
Antigua and Barbuda
6%
Bahamas
6%
Bulgaria
6%
Cambodia
6%
Costa Rica
6%
Croatia
6%
Ghana
6%
Guatemala
6%
Indonesia
6%
Iran
6%
Iraq
6%
Israel
6%
Kosovo
6%
Laos
6%
Libya
6%
Netherlands
6%
New Zealand
6%
Nicaragua
6%
Pakistan
6%
Slovakia
6%
Slovenia
6%
South Africa
6%
St. Kitts and Nevis
6%
St. Lucia
6%
St. Vincent and Grenadines
6%
Thailand
6%
Togo
6%
Tunisia
6%
Vatican City
6%
Vietnam
6%
Afghanistan
3%
Armenia
3%
Barbados
3%
Belgium
3%
Belize
3%
Bhutan
3%
Brunei
3%
Burkina Faso
3%
Colombia
3%
Dominica
3%
Dominican Republic
3%
El Salvador
3%
Fiji
3%
Gabon
3%
Honduras
3%
Kazakhstan
3%
Kenya
3%
Kuwait
3%
Latvia
3%
Lebanon
3%
Lithuania
3%
Luxembourg
3%
Madagascar
3%
Malaysia
3%
Malta
3%
Monaco
3%
Myanmar
3%
North Korea
3%
North Macedonia
3%
Rwanda
3%
Samoa
3%
San Marino
3%
Saudi Arabia
3%
Serbia
3%
Singapore
3%
Sri Lanka
3%
Taiwan
3%
Venezuela
3%
Azerbaijan
0%
Bahrain
0%
Bangladesh
0%
Bolivia
0%
Botswana
0%
Burundi
0%
Cameroon
0%
Cape Verde
0%
Comoros
0%
Cyprus
0%
Djibouti
0%
East Timor
0%
Ecuador
0%
Equatorial Guinea
0%
Eritrea
0%
Eswatini
0%
Ethiopia
0%
Fed. States of Micronesia
0%
Gambia
0%
Georgia
0%
Grenada
0%
Guinea
0%
Guinea Bissau
0%
Guyana
0%
Ivory Coast
0%
Jordan
0%
Kiribati
0%
Kyrgyzstan
0%
Lesotho
0%
Liberia
0%
Liechtenstein
0%
Malawi
0%
Maldives
0%
Marshall Islands
0%
Mauritania
0%
Mauritius
0%
Moldova
0%
Montenegro
0%
Morocco
0%
Mozambique
0%
Namibia
0%
Nauru
0%
Palau
0%
Paraguay
0%
Philippines
0%
Romania
0%
São Tomé and Príncipe
0%
Senegal
0%
Seychelles
0%
Sierra Leone
0%
Solomon Islands
0%
Somalia
0%
South Sudan
0%
Suriname
0%
Switzerland
0%
Syria
0%
Tajikistan
0%
Tanzania
0%
Tonga
0%
Trinidad and Tobago
0%
Turkmenistan
0%
Tuvalu
0%
Uganda
0%
Uruguay
0%
Uzbekistan
0%
Vanuatu
0%
Zambia
0%
Zimbabwe
0%

Score Distribution

Percentile by Number Answered

Percent of People with Each Score

Your Score History

You have not taken this quiz